| 000 | 00733cam a22002411 4500 | ||
|---|---|---|---|
| 001 | 6120092 | ||
| 005 | 20180813052139.0 | ||
| 008 | 731207s1965 paua b 000 0 eng | ||
| 010 | _a 65020648 | ||
| 015 | _aGB65-11940 | ||
| 035 | _a(OCoLC)756865 | ||
| 040 |
_aDLC _cOTMC _dOCoLC _dUk _dDLC |
||
| 041 | _aeng | ||
| 042 | _apremarc | ||
| 080 | _a616.991 | ||
| 082 | _a616.991 MAR | ||
| 100 | 1 | _a7 | |
| 101 | _aREU | ||
| 245 | 1 | 0 |
_aRheumatic fever; _cby Milton Markowitz and Ann Gayler Kuttner. With a special chapter on community health services, by Leon Gordis. |
| 504 | _aBibliography: p. 213-233. | ||
| 906 |
_a7 _bcbc _coclcrpl _du _encip _f19 _gy-gencatlg |
||
| 942 |
_2ddc _cBK |
||
| 999 |
_c47030 _d47030 |
||